02307cam a22004215i 450000100090000000300090000900500170001800800410003502000420007602000150011804000430013308200220017610000380019824503160023625000200055226400370057226400110060930000460062033600260066633700280069233800270072049000300074750000270077750000300080450503780083452001210121265000600133365000570139365000690145065000670151965300260158665500240161270000370163670000390167394200120171299900170172495201440174117449742EG-ScBUE20250213100118.0120831t2013 nyua fr 001 0 eng d a9780071795579 (pbk : acid-free paper) a0071795579 aEG-ScBUEbengcEG-ScBUEdEG-ScBUEerda04a519.2076bSPI2221 aSpiegel, Murray R.92617eauthor.10aProbability and statistics /cMurray R. Spiegel, Ph.D., Former Professor and Chairman of Mathematics, Rensselaer Polytechnic Institute, Harford Graduate Center, John J. Schiller, Ph.D., Associate Professor of Mathematics, Temple University, R. Alu Srinivasan, Ph.D., Professor of Mathematics, Temple University. aFourth edition. 1aNew York :bMcGraw-Hill,c[2013] 4cc2013. avii, 424 pages :billustrations ;c28 cm. 2rdacontentatextbtxt aunmediated2rdamediabn avolumebnc2rdacarrier0 aSchaum’s outline series aIndex : pages 420-424. aAppendix : pages 411-419.0 aPart I: Probability -- Basic Probability -- Random Variables and Probability Distributions -- Mathematical Expectation -- Special Probability Distributions -- Part II: Statistics -- Sampling Theory -- Estimation Theory -- Tests of Hypotheses and Significance -- Curve Fitting, Regression, and Correlation -- Analysis of Variance -- Nonparametric Tests -- Bayesian Methods. aA study-guide to probability and statistics that includes coverage of course concepts and 897 fully solved problems. 7aProbabilities vProblems, exercises, etc.2BUEsh941266 7aProbabilitiesvOutlines, syllabi, etc.2BUEsh941267 7aMathematical statisticsvProblems, exercises, etc.2BUEsh941268 7aMathematical statisticsvOutlines, syllabi, etc.2BUEsh941269 bENGELCcSeptember2016 vReading book9342321 aSchiller, John J.92621eauthor.1 aSrinivasan, R. Alu.92620eauthor. 2ddccBB c22422d22394 00102ddc40708BaccahaMAINbMAINc1STd2016-09-27ePurchaseg280.00l2m30o519.2076 SPIp000033723r2025-07-15 00:00:00s2023-10-23yBB